000 00642cam a2200229 4500500
005 20260329003811.0
041 _afre
042 _adc
100 1 0 _aLegros, Martin
_eauthor
245 0 0 _aMatière à penser / février 2017
260 _c2017.
500 _a2
690 _aBrown-out
690 _aBurn-Out
690 _aFaux
690 _aNassim Nicholas Taleb
690 _aPolitique
690 _aVrai
690 _aWikipédia
786 0 _nPhilosophie magazine | 106 | 2 | 2017-02-01 | p. 7-7 | 1951-1787
856 4 1 _uhttps://shs.cairn.info/magazine-philosophie-magazine-2017-2-page-7?lang=fr&redirect-ssocas=7080
999 _c1827789
_d1827789